| 000 | 00377nam a2200157Ia 4500 | ||
|---|---|---|---|
| 999 |
_c30116 _d30116 |
||
| 003 | OSt | ||
| 005 | 20250811114408.0 | ||
| 008 | 250310s9999||||xx |||||||||||||| ||und|| | ||
| 040 | _c. | ||
| 082 |
_a823.912 _bS6741 |
||
| 100 |
_96315 _aSnow, C.P. |
||
| 245 | 0 |
_aThe Affair / _cC.P. Snow |
|
| 260 |
_aLondon : _bThe reprint society, _c1961. |
||
| 300 | _a312 p. | ||
| 942 |
_cBK _2ddc |
||